书目信息 |
| 题名: |
40天攻克四级710分新题型
|
|
| 作者: | 孟飞 , 王姝 主编 | |
| 分册: | 作文分册 | |
| 出版信息: | 北京 石油工业出版社 2008 |
|
| 页数: | 253页 | |
| 开本: | 23cm | |
| 丛书名: | 江涛英语 | |
| 单 册: | ||
| 中图分类: | H310.42 , H315 | |
| 科图分类: | ||
| 主题词: | 英语--高等学校--水平考试--教学参考资料 , 英语--写作--高等学校--水平考试--教学参考资料 , 英语 | |
| 电子资源: | ||
| ISBN: | 978-7-5021-6516-1 | |
| 000 | 01060oam2 2200325 45 | |
| 001 | 1130173484 | |
| 005 | 20110309161034.64 | |
| 010 | @a978-7-5021-6516-1@dCNY19.80 | |
| 100 | @a20110110d2008 em y0chiy0110 ea | |
| 101 | 0 | @achi |
| 102 | @aCN@b110000 | |
| 105 | @ay z 000yy | |
| 106 | @ar | |
| 200 | 1 | @a40天攻克四级710分新题型@A40 Tian Gong Ke Si Ji 710 Fen Xin Ti Xing@i作文分册@IZuo Wen Fen Ce@f孟飞,王姝主编@FMeng Fei, Wang Shu Zhu Bian |
| 205 | @a3版 | |
| 210 | @a北京@c石油工业出版社@d2008 | |
| 215 | @a253页@d23cm | |
| 225 | 2 | @a江涛英语 |
| 300 | @a卓成教育星辉远程全国指定教材 北京戴尔国际英语指定教材 | |
| 330 | @a本书分为三篇,分为基本技能篇、框架结构篇、应试冲刺篇。 | |
| 461 | 0 | @12001 @a江涛英语 |
| 606 | 0 | @a英语@x高等学校@x水平考试@x教学参考资料 |
| 606 | 0 | @a英语@x写作@x高等学校@x水平考试@x教学参考资料 |
| 606 | 0 | @a英语 |
| 690 | @aH310.42@v4 | |
| 690 | @aH315@v4 | |
| 701 | 0 | @a孟飞@AMeng Fei@4主编 |
| 701 | 0 | @a王姝@AWang Shu@4主编 |
| 801 | 0 | @aCN@bTANGWEI@c20110309 |
| 905 | @b0530122-26@dH310.42@e1519@f5 | |
| 40天攻克四级710分新题型.作文分册/孟飞,王姝主编.-3版.-北京:石油工业出版社,2008 |
| 253页;23cm.-(江涛英语) |
| 卓成教育星辉远程全国指定教材 北京戴尔国际英语指定教材 |
| ISBN 978-7-5021-6516-1:CNY19.80 |
| 本书分为三篇,分为基本技能篇、框架结构篇、应试冲刺篇。 |
| ● |
| 相关链接 |
|
|
|
|
正题名:40天攻克四级710分新题型
索取号:H310.42/1519
 
预约/预借
| 序号 | 登录号 | 条形码 | 馆藏地/架位号 | 状态 | 备注 |
| 1 | 0530122 | 205301225 | 第二样本阅览室/ [索取号:H310.42/1519] | 在馆 | |
| 2 | 0530123 | 205301234 | 第四借阅区/ [索取号:H310.42/1519] | 在馆 | |
| 3 | 0530124 | 205301243 | 第四借阅区/ [索取号:H310.42/1519] | 在馆 | |
| 4 | 0530125 | 205301252 | 第四借阅区/ [索取号:H310.42/1519] | 在馆 | |
| 5 | 0530126 | 205301261 | 外语系资料室/ [索取号:H310.42/1519] | 在馆 |